000 02680nam a2200481 a 4500
003 CHAP
005 20250130140750.0
007 cr ||||||a|c|a
008 110209s2010 mx r 00010 spa d
035 _a112134
040 _cCHAP
090 _aTesis
100 1 _aClemente Lezama, Irlanda Marcela
_923767
245 1 0 _aHongos asociados al pitayo (Stenocereus sp.) en Santo Domingo Tonahuixtla, municipio de Xayacatlán, Puebla
_c/por Irlanda Marcela Clemente Lezama; director de tesis Bertha Tlapal Bolaños.
264 1 _aChapingo, Méx. :
_bEl autor,
_c2010.
300 _a1 recurso en línea (45 páginas) :
_bfiguras.
336 _2rdacontent
_atexto
_btxt
337 _2rdamedia
_acomputadora
_bc
338 _2rdacarrier
_arecursos en línea
_bcr
502 _bIAEPA
_cParasitología
_d2010.
_gLIC
520 _aEn la localidad de Tonahuixtla, Xayacatlán, Puebla, se cultiva el pitayo (Stenocereus sp.). Sin embargo, a lo largo de los años de su domesticación, los huertos se han visto afectados por diversos problemas fitosanitarios. Las enfermedades en tallos son de los problemas más importantes ya que inciden directamente en el rendimiento e indirectamente en la calidad de los frutos al ser fuente de inóculo de enfermedades de poscosecha. Se colectaron muestras de diversos síntomas de enfermedades de los tallos, en algunos huertos de Tonahuixtla. Las muestras se procesaron, se realizó siembra de tejido enfermo, aislamiento y purificación de los hongos relacionados; la identificación de los aislados obtenidos se efectuó en base a claves para la identificación de hongos imperfectos. Se relacionaron al pitayo los géneros Helminthosporium, Fusarium, Alternaria y Cladosporium.
590 _aALEPH
_b10
_c20130110
590 _aBATCH-UPD
_b10
_c20130110
590 _aBATCH-UPD
_b10
_c20130410
590 _aBATCH-UPD
_b10
_c20130914
590 _aBATCH-UPD
_b10
_c20140324
590 _aBATCH-UPD
_b10
_c20141002
590 _aBATCH
_b00
_c20181121
590 _aCONVERSION
_b10
_c20130109
650 1 4 _aCactáceas
_xEnfermedades.
_917003
650 1 4 _aCactáceas
_zPuebla.
_917025
650 1 4 _aHongos y plantas.
_956140
650 1 4 _aPlantas
_xEnfermedades por hongos.
_988830
650 1 4 _aStenocereus.
_9109642
700 1 _aTlapal Bolaños, Bertha
_9113464
_eDirector de tesis.
856 _uhttp://10.13.5.2/tesis/112134.pdf
_zDESCARGAR PDF
901 _aBK
942 _cTD
_2Clasificación Universidad Autónoma Chapingo
949 _aTesis
_bBC
_cTES
_d33724002226603
_eTS1
_gDonaciØn
_h51932
_i112134
_st
949 _aTesis
_bBC
_cTES
_d33724002226644
_eTS2
_fc.2
_gDonaciØn
_h51933
_i112134
_st
999 _c100474
_d100474